000 00635nam a2200241 a 4500
001 nice12345678
003 IN_TiNIC
005 20260116011643.0
008 050524s1971 newa grp 000 0 eng
020 _a
_c100
082 0 0 _a228
_bMAT
100 _aMathai, P S
245 _aBook of Revelation and the Nuclear Age.
260 _aNew Delhi
_bAll India Prayer Fellowship
_c1971
300 _a131p
500 _aincludes index and biblioraphy
505 2 _aAn altogether new interpretation of Revelation
650 _aApocalyptic Literature
700 1 _aMathai, P S
902 _bSRS
942 _cBK
999 _c3162
_d3162